000 00277nam a2200133Ia 4500
100 _aTayal/ D.G
942 _cBK
654 _anuclear
245 _aNuclear Physics
260 _bHimalaya pub.house
_aBombay
_c1992
082 _a539
_bTNY
300 _a679
546 _aENGLISH
999 _c25388
_d25388